Statistics for Largest Cities In Morocco

Click here to take the quiz!

General Stats

  • This quiz has been taken 302 times
  • The average score is 6 of 15

Answer Stats

PopulationAnswer% Correct
3,356,337Casablanca
97%
1,884,917Rabat-Sale
96%
1,072,468Fes
83%
953,305Marrakech
72%
793,776Tangier
70%
600,177Agadir
56%
616,110Meknes
40%
363,031Tetouan
33%
435,378Oujda
30%
418,222Kenitra
23%
170,956El Jadida
14%
189,535Beni Mellal
13%
206,896Mohammedia
11%
175,737Khouribga
7%
311,201Asfi
2%

Score Distribution

Percentile by Number Answered

Percent of People with Each Score

Your Score History

You have not taken this quiz